00686 2200229 4500001002100000005001700021008004100038035002400079082001400103090002400117100001300141245008000154250001100234260008800245300002400333650003200357700001600389850001500405980001500420985000600435999001500441YOGYA-0209000003631020090227025117.0 ind  0010-020900000036310 a922.09922 a922.09922bSuw KlT aSuwignyo aKyai Ageng PandhanarangcSoewignyo ; alih aksara dan ringkasan, A. Hendrato aCet. 1 aJakartabDepdikbud. Proyek Penerbitan Buku Bacaan dan sastra Indonesia daerahc1978 a72 hlmbilusc21 cm aCerita Rakyat - Jawa Tengah aHendrato, A aYOPDYOG(B) a11-08-2006 a1 aa000059304